[Event "ROM-ch"]
[Site "Baile Olanesti"]
[Date "2013.02.22"]
[Round "9"]
[White "Kaunz, Werner"]
[Black "Russu, Eduard"]
[Result "0-1"]
[WhiteElo "1822"]
[BlackElo "2198"]
[PlyCount "95"]
[EventDate "2013.02.16"]
[EventType "swiss"]
[EventRounds "11"]
[EventCountry "ROU"]
[SourceTitle "CBM 153 Extra"]
[Source "ChessBase"]
[SourceDate "2013.04.22"]
[SourceVersion "1"]
[SourceVersionDate "2013.04.22"]
[SourceQuality "1"]

1. e4 c5 2. c3 e6 3. d4 a6 4. Nf3 Nf6 5. Bg5 h6 6. Bxf6 Qxf6 7. Be2 d6 8. 0-0 Nc6 9. d5 Nb8 10. Qc2 e5 11. c4 Be7 12. Nc3 Qg6 13. Kh1 0-0 14. Rad1 Nd7 15. Ng1 b6 16. f4 exf4 17. Rxf4 Bg5 18. Rff1 Ne5 19. Nh3 f5 20. Nf4 Bxf4 21. Rxf4 Bd7 22. Rdf1 fxe4 23. Rxf8+ Rxf8 24. Rxf8+ Kxf8 25. Qxe4 Qxe4 26. Nxe4 Ke7 27. Kg1 b5 28. b3 bxc4 29. bxc4 Bf5 30. Nd2 Kf6 31. Kf2 g5 32. h3 Ng6 33. g4 Bc2 34. Ke3 Nh4 35. Bf1 Bd1 36. Ne4+ Ke5 37. Nd2 Bc2 38. a3 Bg6 39. Nb3 Be4 40. Nd2 Bg2 41. Bxg2 Nxg2+ 42. Kf3 Ne1+ 43. Kg3 Kd4 44. h4 Kd3 45. hxg5 hxg5 46. Nf3 Nxf3 47. Kxf3 Kxc4 48. Ke4 0-1

[Event "ROM-ch"]
[Site "Baile Olanesti"]
[Date "2013.02.19"]
[Round "5"]
[White "Acsinte, Matei Ionut"]
[Black "Russu, Eduard"]
[Result "1-0"]
[WhiteElo "2030"]
[BlackElo "2198"]
[PlyCount "59"]
[EventDate "2013.02.16"]
[EventType "swiss"]
[EventRounds "11"]
[EventCountry "ROU"]
[SourceTitle "CBM 153 Extra"]
[Source "ChessBase"]
[SourceDate "2013.04.22"]
[SourceVersion "1"]
[SourceVersionDate "2013.04.22"]
[SourceQuality "1"]

1. d4 f5 2. c4 g6 3. Nc3 Bg7 4. Nf3 d6 5. e4 Nh6 6. h4 c6 7. h5 Qb6 8. Bd3 Ng4 9. Na4 Qc7 10. hxg6 hxg6 11. Rxh8+ Bxh8 12. Qc2 Na6 13. a3 Bd7 14. Bg5 c5 15. Nc3 Qa5 16. 0-0-0 cxd4 17. Nd5 Nc5 18. exf5 Nxd3+ 19. Qxd3 Bxf5 20. Qe2 e6 21. Nxd4 Bxd4 22. Rxd4 Kd7 23. f3 Ne5 24. Nc3 Rh8 25. Bf4 Rh1+ 26. Kd2 Nf7 27. Bg3 Ra1 28. Ke3 Qb6 29. Na4 Qb3+ 30. Kf2 1-0

[Event "ROM-ch"]
[Site "Baile Olanesti"]
[Date "2010.02.02"]
[Round "4"]
[White "Russu, Eduard"]
[Black "Damian, Pavel"]
[Result "1/2-1/2"]
[WhiteElo "2202"]
[BlackElo "1997"]
[PlyCount "84"]
[EventDate "2010.01.31"]
[EventType "swiss"]
[EventRounds "9"]
[EventCountry "ROU"]
[SourceTitle "CBM 134 Extra"]
[Source "ChessBase"]
[SourceDate "2010.03.03"]
[SourceVersion "1"]
[SourceVersionDate "2010.03.03"]
[SourceQuality "1"]

1. d4 d6 2. Nf3 Nf6 3. c4 g6 4. Nc3 Bg7 5. e4 0-0 6. Be2 e5 7. dxe5 dxe5 8. Qxd8 Rxd8 9. Bg5 c6 10. 0-0 Nbd7 11. Rad1 Re8 12. Nd2 Nc5 13. Be3 Ne6 14. c5 Nd4 15. f3 Nxe2+ 16. Nxe2 Be6 17. b3 Red8 18. Nb1 Bf8 19. Nbc3 Nd7 20. Na4 Be7 21. Nec3 Rab8 22. Rf2 b5 23. cxb6 axb6 24. Rfd2 b5 25. Nc5 Nxc5 26. Rxd8+ Rxd8 27. Rxd8+ Bxd8 28. Bxc5 Bc7 29. Kf2 f5 30. Ke3 Kf7 31. b4 Bc4 32. a4 bxa4 33. Nxa4 Ke6 34. Nc3 Bd8 35. g3 f4+ 36. Kf2 h5 37. Kg2 fxg3 38. hxg3 Bg5 39. Kf2 Bc1 40. Nd1 g5 41. Be3 Ba3 42. Bd2 c5 1/2-1/2

[Event "ROM-ch"]
[Site "Baile Olanesti"]
[Date "2010.02.01"]
[Round "2"]
[White "Manolache, Marius"]
[Black "Russu, Eduard"]
[Result "1-0"]
[WhiteElo "2539"]
[BlackElo "2202"]
[PlyCount "57"]
[EventDate "2010.01.31"]
[EventType "swiss"]
[EventRounds "9"]
[EventCountry "ROU"]
[SourceTitle "CBM 134 Extra"]
[Source "ChessBase"]
[SourceDate "2010.03.03"]
[SourceVersion "1"]
[SourceVersionDate "2010.03.03"]
[SourceQuality "1"]

1. d4 Nf6 2. c4 g6 3. Nc3 Bg7 4. Nf3 0-0 5. Bg5 d6 6. e3 c6 7. Be2 Bf5 8. Bh4 h6 9. Nd2 d5 10. cxd5 cxd5 11. Bxf6 Bxf6 12. Qb3 e5 13. dxe5 Bxe5 14. Qxb7 Nd7 15. Qxd5 Qb8 16. Qb5 Qc8 17. Nd5 Qd8 18. Nc4 Rb8 19. Qc6 Bxb2 20. Rd1 Kh8 21. 0-0 Bg7 22. Nd6 Ne5 23. Qa6 Bc8 24. Qa3 Be6 25. f4 Bg4 26. Bxg4 Nxg4 27. e4 Qh4 28. h3 Bb2 29. Qxa7 1-0

[Event "ROM-ch"]
[Site "Amara"]
[Date "2007.02.23"]
[Round "9"]
[White "Scurhan, Gheorghe"]
[Black "Russu, Eduard"]
[Result "1-0"]
[WhiteElo "2096"]
[BlackElo "2184"]
[PlyCount "93"]
[EventDate "2007.02.16"]
[EventType "swiss"]
[EventRounds "9"]
[EventCountry "ROU"]
[SourceTitle "CBM 117 Extra"]
[Source "ChessBase"]
[SourceDate "2007.05.09"]
[SourceVersion "1"]
[SourceVersionDate "2007.05.09"]
[SourceQuality "1"]

1. e4 c5 2. Nf3 Nc6 3. Bb5 d6 4. Bxc6+ bxc6 5. h3 Nf6 6. e5 Nd5 7. d3 Qa5+ 8. Bd2 Qb6 9. b3 Qc7 10. c4 Nb4 11. Bc3 Bf5 12. 0-0 e6 13. Nh4 dxe5 14. Nxf5 exf5 15. a3 Na6 16. Qe2 Bd6 17. f4 f6 18. fxe5 Bxe5 19. Bxe5 Qxe5 20. Qxe5+ fxe5 21. Rxf5 0-0-0 22. Rf3 e4 23. dxe4 Rd1+ 24. Rf1 Rd3 25. b4 Re8 26. b5 Nc7 27. a4 Rxe4 28. Na3 Ree3 29. bxc6 g6 30. Nb5 Rd2 31. Rf7 Ne6 32. Nxa7+ Kd8 33. Rb1 Ke8 34. c7 Kxf7 35. c8Q Ree2 36. Qb7+ Kg8 37. Rf1 g5 38. Nc8 Nf4 39. Ne7+ Kf8 40. Rxf4+ gxf4 41. Nf5 h5 42. Nh4 Rd4 43. Qc8+ Kf7 44. Qxc5 Rdd2 45. Qxh5+ Ke7 46. Qg5+ Ke6 47. Qxf4 1-0

[Event "ROM-ch"]
[Site "Amara"]
[Date "2007.02.17"]
[Round "3"]
[White "Baratosi, Daniel"]
[Black "Russu, Eduard"]
[Result "1/2-1/2"]
[WhiteElo "2329"]
[BlackElo "2184"]
[PlyCount "34"]
[EventDate "2007.02.16"]
[EventType "swiss"]
[EventRounds "9"]
[EventCountry "ROU"]
[SourceTitle "CBM 117 Extra"]
[Source "ChessBase"]
[SourceDate "2007.05.09"]
[SourceVersion "1"]
[SourceVersionDate "2007.05.09"]
[SourceQuality "1"]

1. e4 e5 2. Bc4 Nf6 3. d3 Nc6 4. Nf3 Bc5 5. 0-0 d6 6. h3 h6 7. c3 Bb6 8. Bb3 0-0 9. Nbd2 a6 10. Nc4 Ba7 11. Ne3 Ne7 12. Nh4 Kh7 13. Nhf5 Nxf5 14. Nxf5 Be6 15. Bc2 Ng8 16. Kh2 g6 17. Ng3 Qh4 1/2-1/2

[Event "ROM-ch"]
[Site "Amara"]
[Date "2007.02.17"]
[Round "2"]
[White "Russu, Eduard"]
[Black "Voiculescu, Florin"]
[Result "1-0"]
[WhiteElo "2184"]
[BlackElo "1956"]
[PlyCount "70"]
[EventDate "2007.02.16"]
[EventType "swiss"]
[EventRounds "9"]
[EventCountry "ROU"]
[SourceTitle "CBM 117 Extra"]
[Source "ChessBase"]
[SourceDate "2007.05.09"]
[SourceVersion "1"]
[SourceVersionDate "2007.05.09"]
[SourceQuality "1"]

1. d4 Nf6 2. c4 c5 3. d5 b5 4. cxb5 a6 5. bxa6 e6 6. Nc3 exd5 7. Nxd5 Nxd5 8. Qxd5 Nc6 9. Nf3 Be7 10. Ne5 0-0 11. Nxc6 dxc6 12. Qxd8 Rxd8 13. Bd2 Bxa6 14. Bc3 Bb5 15. e3 Ra7 16. a3 Bxf1 17. Rxf1 Rad7 18. Ke2 c4 19. Rfd1 Rd3 20. Rxd3 cxd3+ 21. Kd2 c5 22. a4 c4 23. a5 Bf6 24. Bxf6 gxf6 25. a6 Ra8 26. Kc3 Kf8 27. Kxc4 d2 28. Rd1 Rxa6 29. Rxd2 Ra2 30. Kc3 Ke7 31. b4 Ra3+ 32. Kc4 Ra1 33. b5 Rc1+ 34. Kb4 Rb1+ 35. Kc4 Rc1+ 1-0